LIBRARY & INFORMATION CENTRE, KCAET, TAVANUR

ONLINE PUBLIC ACCESS CATALOGUE (OPAC)

Guidelines for dewatering during construction,IS:9759-1981 / (Record no. 4445)

MARC details
000 -LEADER
fixed length control field 00925cam a2200145ua 4500
041 ## - LANGUAGE CODE
Language code of text/sound track or separate title eng
082 ## - DEWEY DECIMAL CLASSIFICATION NUMBER
Classification number 624.152
Item number IND/GU
245 ## - TITLE STATEMENT
Title Guidelines for dewatering during construction,IS:9759-1981 /
260 ## - PUBLICATION, DISTRIBUTION, ETC. (IMPRINT)
Place of publication New Delhi :
Name of publisher Indian Standards Institution ,
Year of publication 1981.
300 ## - PHYSICAL DESCRIPTION
Number of Pages 35 ; .
942 ## - ADDED ENTRY ELEMENTS (KOHA)
Koha item type Books
Holdings
Withdrawn status Lost status Damaged status Home library Current library Date acquired Full call number Accession Number Koha item type
      KAUAET   07/04/2012 624.152 17061 Books
free website counter